| 000 | 00482nam a22001697a 4500 | ||
|---|---|---|---|
| 003 | BD-ChCU | ||
| 005 | 20260106101055.0 | ||
| 008 | 260106b bg ||||| |||| 00| 0 ben d | ||
| 040 | _cBD-ChCU | ||
| 082 | _a330.973 STH | ||
| 100 |
_aStraus, S. W. _918652 |
||
| 245 |
_aHistory of the thrift movement in America.// _cS. W. Straus. |
||
| 260 |
_aPhiladelphia. _bJ, I. B. Lippincott. _c1920 |
||
| 300 | _a256p | ||
| 650 | 0 |
_aU. S. - Economic conditions. _918656 |
|
| 942 |
_2ddc _cBK _n0 |
||
| 999 |
_c110727 _d110727 |
||